[Event "19. Obert Int. Sant Marti 2017 - B"]
[Site "Barcelona ESP"]
[Date "2017.07.14"]
[Round "2.15"]
[White "Bernat, Ernest"]
[Black "Munoz Lozano, Jorge Manuel"]
[Result "1-0"]
[WhiteElo "1889"]
[BlackElo "1759"]
[PlyCount "93"]
[EventDate "2017.07.13"]
[EventType "swiss"]
[EventRounds "9"]
[EventCountry "ESP"]
[SourceTitle "Ajedrez en Madrid"]
[Source "lmi"]
[SourceDate "2017.07.13"]
[SourceVersion "1"]
[SourceVersionDate "2019.06.21"]
[SourceQuality "1"]

1. e4 g6 2. d4 Bg7 3. Nf3 d6 4. h3 Nf6 5. Nc3 O-O 6. Be2 Nc6 7. O-O e5 8. Be3
Nh5 9. dxe5 dxe5 10. Qxd8 Rxd8 11. Nd5 Bd7 12. Nxc7 Rac8 13. Nd5 Be6 14. Ng5
Bxd5 15. exd5 Rxd5 16. Bxh5 gxh5 17. c3 Rcd8 18. Rae1 b6 19. Bc1 h6 20. Nf3 f5
21. Nh4 Ne7 22. g3 Kh7 23. Ng2 Bf6 24. h4 Kg6 25. Re2 Nc6 26. f3 b5 27. Ree1
Be7 28. Kh2 Bc5 29. Nf4+ exf4 30. Re6+ Kh7 31. Rxc6 fxg3+ 32. Kxg3 Rg8+ 33. Kh3
Bd6 34. Ra6 Rg3+ 35. Kh2 Rxf3+ 36. Rxd6 Rxf1 37. Rxd5 Rxc1 38. Rxb5 Kg6 39. Kg3
Rg1+ 40. Kf3 Rf1+ 41. Kg2 Rf4 42. Rb4 Rxb4 43. cxb4 Kf6 44. Kf3 Ke5 45. a4 Kd4
46. b3 Kc3 47. b5 1-0

[Event "19. Obert Int. Sant Marti 2017 - B"]
[Site "Barcelona ESP"]
[Date "2017.07.14"]
[Round "2.16"]
[White "Volart Buil, Jordi"]
[Black "Elizondo Marquet, Juan Marcos"]
[Result "0-1"]
[WhiteElo "1754"]
[BlackElo "1887"]
[PlyCount "74"]
[EventDate "2017.07.13"]
[EventType "swiss"]
[EventRounds "9"]
[EventCountry "ESP"]
[SourceTitle "Ajedrez en Madrid"]
[Source "lmi"]
[SourceDate "2017.07.13"]
[SourceVersion "1"]
[SourceVersionDate "2019.06.21"]
[SourceQuality "1"]

1. d4 d5 2. c4 dxc4 3. Nc3 a6 4. a4 Nc6 5. Nf3 Bg4 6. e3 Na5 7. h3 Bh5 8. g4
Bg6 9. Ne5 Nf6 10. Nxc4 Nxc4 11. Bxc4 e6 12. Be2 Bb4 13. Bd2 c5 14. Na2 Bxd2+
15. Qxd2 Ne4 16. Qd1 Qh4 17. Rh2 Rd8 18. Nc3 cxd4 19. exd4 Qf6 20. Nxe4 Bxe4
21. Qb3 O-O 22. Rd1 Rxd4 23. Rxd4 Qxd4 24. h4 Rc8 25. Bd1 Rc1 26. Rh3 Bc2 27.
Qxc2 Rxc2 28. Bxc2 Qxg4 29. Rd3 g6 30. Bd1 Qxh4 31. Bf3 Qb4+ 32. Rd2 b6 33. Bc6
h5 34. Kd1 h4 35. Rd8+ Kg7 36. Rd2 h3 37. Kc1 h2 0-1

[Event "19. Obert Int. Sant Marti 2017 - B"]
[Site "Barcelona ESP"]
[Date "2017.07.14"]
[Round "2.17"]
[White "Minos Constante, Pablo"]
[Black "Rios Torondell, Jaume"]
[Result "0-1"]
[WhiteElo "1742"]
[BlackElo "1881"]
[PlyCount "112"]
[EventDate "2017.07.13"]
[EventType "swiss"]
[EventRounds "9"]
[EventCountry "ESP"]
[SourceTitle "Ajedrez en Madrid"]
[Source "lmi"]
[SourceDate "2017.07.13"]
[SourceVersion "1"]
[SourceVersionDate "2019.06.21"]
[SourceQuality "1"]

1. e4 e6 2. d4 d5 3. Bd3 dxe4 4. Bxe4 Nf6 5. Bf3 Be7 6. Ne2 O-O 7. O-O Nbd7 8.
Nbc3 e5 9. Be3 exd4 10. Qxd4 Bc5 11. Qd2 Bxe3 12. Qxe3 Re8 13. Qf4 Ne5 14. Rad1
Qe7 15. h3 c6 16. Nd4 Qb4 17. Qc1 c5 18. a3 Qa5 19. b4 cxb4 20. axb4 Qxb4 21.
Nd5 Nxf3+ 22. Nxf3 Nxd5 23. Rxd5 Be6 24. Rd4 Qb6 25. c3 Rad8 26. Rb4 Qc7 27.
Qb1 Bd5 28. Ng5 g6 29. Rh4 Qe7 30. Qc1 h5 31. f3 Qe3+ 32. Qxe3 Rxe3 33. c4 Bc6
34. Kf2 Re5 35. Ne4 Kg7 36. g4 Bxe4 37. fxe4 Rxe4 38. Ra1 a6 39. Rb1 Rd7 40.
Rc1 f5 41. Rc3 Rdd4 42. c5 Rc4 43. Rd3 Red4 44. Re3 Kf7 45. Rb3 Rb4 46. Rc3
Rdc4 47. Rd3 Rxc5 48. Rd7+ Ke6 49. Rg7 Kf6 50. Rxg6+ Kxg6 51. gxh5+ Kg5 52.
Rxb4 Rb5 53. Rd4 Kxh5 54. Kg3 a5 55. Rd7 a4 56. Rd8 Ra5 0-1

[Event "19. Obert Int. Sant Marti 2017 - B"]
[Site "Barcelona ESP"]
[Date "2017.07.14"]
[Round "2.18"]
[White "Gonzalez Moreno, Antoni"]
[Black "Siludakis, Hernan"]
[Result "0-1"]
[WhiteElo "1734"]
[BlackElo "1874"]
[PlyCount "96"]
[EventDate "2017.07.13"]
[EventType "swiss"]
[EventRounds "9"]
[EventCountry "ESP"]
[SourceTitle "Ajedrez en Madrid"]
[Source "lmi"]
[SourceDate "2017.07.13"]
[SourceVersion "1"]
[SourceVersionDate "2019.06.21"]
[SourceQuality "1"]

1. c4 d6 2. Nc3 e5 3. g3 f5 4. e3 Nf6 5. Nge2 g6 6. Bg2 Bg7 7. b3 O-O 8. Bb2 c6
9. O-O Na6 10. d3 Kh8 11. a3 Nc7 12. Qd2 Ne6 13. b4 Bd7 14. a4 g5 15. d4 a5 16.
b5 e4 17. d5 Nc5 18. Rad1 cxb5 19. cxb5 Rc8 20. Nd4 Ng4 21. Nde2 Ne5 22. Rb1
Ncd3 23. Ba1 Qe8 24. f3 Nc4 25. Qa2 Nxe3 26. fxe4 Nxf1 27. Rxf1 fxe4 28. Rxf8+
Qxf8 29. Nxe4 Nc1 30. Bxg7+ Qxg7 31. Qd2 Nxe2+ 32. Qxe2 Qd4+ 33. Nf2 Re8 34.
Qf3 Kg7 35. h3 Rf8 36. Qe2 Rf7 37. Qe1 b6 38. Qe2 h6 39. Qe1 Qxf2+ 40. Qxf2
Rxf2 41. Kxf2 Bf5 42. Ke3 Bc2 43. Bf1 Bxa4 44. Bd3 Bb3 45. Kd4 Kf6 46. g4 a4
47. Be4 a3 48. Kc3 Ke5 0-1

[Event "19. Obert Int. Sant Marti 2017 - B"]
[Site "Barcelona ESP"]
[Date "2017.07.14"]
[Round "2.19"]
[White "Ramos Alvarez, Maximo"]
[Black "Roche Peris, Eduard"]
[Result "1-0"]
[WhiteElo "1865"]
[BlackElo "1758"]
[PlyCount "135"]
[EventDate "2017.07.13"]
[EventType "swiss"]
[EventRounds "9"]
[EventCountry "ESP"]
[SourceTitle "Ajedrez en Madrid"]
[Source "lmi"]
[SourceDate "2017.07.13"]
[SourceVersion "1"]
[SourceVersionDate "2019.06.21"]
[SourceQuality "1"]

1. e4 e5 2. Nf3 Nf6 3. Nxe5 d6 4. Nf3 Nxe4 5. Nc3 d5 6. Qe2 Be6 7. Nxe4 dxe4 8.
Qxe4 Qd5 9. Qxd5 Bxd5 10. Be2 Nc6 11. c3 O-O-O 12. d4 Bd6 13. Be3 f5 14. O-O
Rhe8 15. Rfe1 h6 16. h4 f4 17. Bd2 g5 18. hxg5 hxg5 19. Nh2 Rh8 20. Bg4+ Kb8
21. Be6 f3 22. Ng4 Bxe6 23. Rxe6 fxg2 24. Kxg2 Bf4 25. Bxf4 gxf4 26. Rh1 f3+
27. Kg1 Rhg8 28. Rh4 a6 29. Kh2 Nxd4 30. cxd4 Rxd4 31. Kg3 Rd2 32. Re3 Rxb2 33.
a3 Rb1 34. Kxf3 Rf8+ 35. Ke4 c5 36. f4 Rf1 37. Ne5 Ka7 38. Rf3 Rd1 39. Rd3 Re1+
40. Kd5 Rd8+ 41. Kc4 b5+ 42. Kc3 b4+ 43. axb4 cxb4+ 44. Kxb4 Rb1+ 45. Kc3 Rc8+
46. Kd2 a5 47. Rh7+ Kb6 48. Rd6+ Kc5 49. Rd3 Rg8 50. Rc7+ Kb6 51. Rc6+ Kb7 52.
Rd7+ Kb8 53. Rdd6 Rb2+ 54. Ke3 Rb3+ 55. Ke4 a4 56. Rb6+ Kc7 57. Ra6 a3 58. Rd7+
Kc8 59. Ra8+ Rb8 60. Rxb8+ Kxb8 61. Rd3 a2 62. Ra3 Kc7 63. Nd3 Rg2 64. Kf3 Rh2
65. Kg3 Rc2 66. Kg4 Kd6 67. Nb4 Rb2 68. Nxa2 1-0

[Event "19. Obert Int. Sant Marti 2017 - B"]
[Site "Barcelona ESP"]
[Date "2017.07.14"]
[Round "2.20"]
[White "Rodriguez Isern, Bernat"]
[Black "Molinas Garcia, Francisco"]
[Result "1-0"]
[WhiteElo "1864"]
[BlackElo "1738"]
[PlyCount "68"]
[EventDate "2017.07.13"]
[EventType "swiss"]
[EventRounds "9"]
[EventCountry "ESP"]
[SourceTitle "Ajedrez en Madrid"]
[Source "lmi"]
[SourceDate "2017.07.13"]
[SourceVersion "1"]
[SourceVersionDate "2019.06.21"]
[SourceQuality "1"]

1. e4 c5 2. Nf3 g6 3. d4 cxd4 4. Nxd4 Bg7 5. c4 Nc6 6. Nxc6 bxc6 7. Be2 d6 8.
O-O Nf6 9. Nc3 O-O 10. Be3 Be6 11. f4 Qc7 12. Rc1 Rab8 13. b3 Rfd8 14. f5 Bc8
15. Qe1 e6 16. fxg6 fxg6 17. Qh4 Rf8 18. Bg5 Qb6+ 19. Kh1 Qd4 20. Rfd1 Qc5 21.
Na4 Qe5 22. Bf4 Qxe4 23. Bf3 Qf5 24. Bxd6 Bb7 25. Bxb8 Rxb8 26. Qd4 c5 27. Qxc5
Bxf3 28. Qxf5 Bxg2+ 29. Kxg2 exf5 30. Nc3 Bh6 31. Rc2 Ng4 32. Nd5 Kf7 33. Re1
Bg5 34. h3 Nf6 1-0

[Event "19. Obert Int. Sant Marti 2017 - B"]
[Site "Barcelona ESP"]
[Date "2017.07.14"]
[Round "2.21"]
[White "Mota, Pankit"]
[Black "Moreno Oller, Victor"]
[Result "1-0"]
[WhiteElo "1859"]
[BlackElo "1730"]
[PlyCount "51"]
[EventDate "2017.07.13"]
[EventType "swiss"]
[EventRounds "9"]
[EventCountry "ESP"]
[SourceTitle "Ajedrez en Madrid"]
[Source "lmi"]
[SourceDate "2017.07.13"]
[SourceVersion "1"]
[SourceVersionDate "2019.06.21"]
[SourceQuality "1"]

1. e4 c5 2. c3 d5 3. exd5 Qxd5 4. d4 Nc6 5. Nf3 Bf5 6. Be3 Nf6 7. Na3 e6 8. Qa4
cxd4 9. Nxd4 Bxa3 10. Qxa3 Nxd4 11. Bxd4 a6 12. Be2 h5 13. Rd1 Qc6 14. Bf3 Be4
15. Bxf6 gxf6 16. Rd6 Bxf3 17. Rxc6 Bxc6 18. f3 Rg8 19. O-O Rd8 20. h3 e5 21.
Qb4 Bb5 22. Rf2 Bc6 23. Qh4 Rg5 24. Kh2 Kf8 25. f4 exf4 26. Qxf4 1-0

[Event "19. Obert Int. Sant Marti 2017 - B"]
[Site "Barcelona ESP"]
[Date "2017.07.14"]
[Round "2.22"]
[White "Anjali, R. Sagar"]
[Black "Moreno Perez, Norberto"]
[Result "1-0"]
[WhiteElo "1724"]
[BlackElo "1851"]
[PlyCount "55"]
[EventDate "2017.07.13"]
[EventType "swiss"]
[EventRounds "9"]
[EventCountry "ESP"]
[SourceTitle "Ajedrez en Madrid"]
[Source "lmi"]
[SourceDate "2017.07.13"]
[SourceVersion "1"]
[SourceVersionDate "2019.06.21"]
[SourceQuality "1"]

1. e4 e5 2. Nf3 Nc6 3. Bb5 d6 4. O-O Bd7 5. c3 Nf6 6. Re1 a6 7. Ba4 Bg4 8. h3
Bh5 9. d3 Be7 10. Nbd2 O-O 11. Nf1 b5 12. Bc2 Qd7 13. Ng3 Bg6 14. Nh4 Rad8 15.
f4 exf4 16. Bxf4 b4 17. Nhf5 Ne5 18. Ba4 c6 19. d4 Qa7 20. Nxe7+ Qxe7 21. dxe5
dxe5 22. Bd2 Rd3 23. Re3 Qc5 24. Qe2 Rfd8 25. cxb4 Qd4 26. Qxd3 Qxd3 27. Rxd3
Rxd3 28. Be1 1-0

[Event "19. Obert Int. Sant Marti 2017 - B"]
[Site "Barcelona ESP"]
[Date "2017.07.14"]
[Round "2.23"]
[White "Codina Blasco, Joan"]
[Black "Julia Yebra, David"]
[Result "0-1"]
[WhiteElo "1722"]
[BlackElo "1840"]
[PlyCount "72"]
[EventDate "2017.07.13"]
[EventType "swiss"]
[EventRounds "9"]
[EventCountry "ESP"]
[SourceTitle "Ajedrez en Madrid"]
[Source "lmi"]
[SourceDate "2017.07.13"]
[SourceVersion "1"]
[SourceVersionDate "2019.06.21"]
[SourceQuality "1"]

1. e4 d6 2. d4 Nf6 3. Nc3 c6 4. f4 Qa5 5. Bd2 Qb6 6. Nf3 Bg4 7. e5 Nd5 8. Nxd5
cxd5 9. Bc3 Nc6 10. Be2 Bxf3 11. Bxf3 e6 12. Qd2 dxe5 13. fxe5 Rc8 14. a3 Qc7
15. O-O Be7 16. Rf2 Qd8 17. Bh5 g6 18. Qf4 gxh5 19. Qxf7+ Kd7 20. Rf6 Qg8 21.
Qxh5 Bxf6 22. exf6 Qg6 23. Qe2 Rcf8 24. Qb5 Kc8 25. Be1 Qxf6 26. Bg3 Qxd4+ 27.
Kh1 Qc4 28. a4 Qxb5 29. axb5 Nd8 30. h3 Rhg8 31. Kh2 e5 32. Bxe5 Rf2 33. Bg3
Rxc2 34. Rxa7 Rxb2 35. Ra3 Rxb5 36. Rc3+ Nc6 0-1

[Event "19. Obert Int. Sant Marti 2017 - B"]
[Site "Barcelona ESP"]
[Date "2017.07.14"]
[Round "2.24"]
[White "Khudov, Oleksandr"]
[Black "Valero Recalde, Pablo"]
[Result "0-1"]
[WhiteElo "1823"]
[BlackElo "1730"]
[PlyCount "72"]
[EventDate "2017.07.13"]
[EventType "swiss"]
[EventRounds "9"]
[EventCountry "ESP"]
[SourceTitle "Ajedrez en Madrid"]
[Source "lmi"]
[SourceDate "2017.07.13"]
[SourceVersion "1"]
[SourceVersionDate "2019.06.21"]
[SourceQuality "1"]

1. c4 b6 2. Nc3 Bb7 3. Nf3 e6 4. g3 Bxf3 5. exf3 c5 6. d4 cxd4 7. Qxd4 Nc6 8.
Qd1 Rc8 9. Bg2 g6 10. O-O Na5 11. Ne4 Nxc4 12. b3 d5 13. Qd4 e5 14. Qc3 d4 15.
Qd3 Nd6 16. f4 Bg7 17. fxe5 Nxe4 18. Qxe4 Ne7 19. Rd1 O-O 20. Rxd4 Qc7 21. Rc4
Qxe5 22. Rxc8 Rxc8 23. Rb1 Qxe4 24. Bxe4 Nc6 25. Bf4 Nd4 26. Kf1 Ne6 27. Rc1
Rd8 28. Bg5 Nxg5 29. Bg2 Ne6 30. Ke1 Nc5 31. Ke2 Bh6 32. f4 Bg7 33. h3 Ne6 34.
h4 Bb2 35. Rb1 Bc3 36. Rc1 Bb4 0-1

[Event "19. Obert Int. Sant Marti 2017 - B"]
[Site "Barcelona ESP"]
[Date "2017.07.14"]
[Round "2.25"]
[White "Kyrkjebo, Eirik"]
[Black "Gil Gil, Antoni"]
[Result "0-1"]
[WhiteElo "1611"]
[BlackElo "1823"]
[PlyCount "92"]
[EventDate "2017.07.13"]
[EventType "swiss"]
[EventRounds "9"]
[EventCountry "ESP"]
[SourceTitle "Ajedrez en Madrid"]
[Source "lmi"]
[SourceDate "2017.07.13"]
[SourceVersion "1"]
[SourceVersionDate "2019.06.21"]
[SourceQuality "1"]

1. e4 c5 2. Nc3 Nc6 3. Bb5 g6 4. Bxc6 bxc6 5. b3 Bg7 6. Bb2 Nf6 7. d3 O-O 8.
Nf3 d5 9. e5 Nh5 10. O-O Bg4 11. Na4 d4 12. Re1 f6 13. e6 Qd5 14. c4 Qf5 15.
Nxd4 cxd4 16. f3 Bxf3 17. Qxf3 Qxf3 18. gxf3 f5 19. Nc5 Nf4 20. Bc1 Bh6 21.
Bxf4 Bxf4 22. Kg2 g5 23. Re2 Rf6 24. h3 h5 25. Rh1 Rg6 26. a3 Bd6 27. Nd7 Bxa3
28. Ra1 Bb4 29. Ra6 c5 30. Re5 f4 31. Rf5 Bd2 32. Ne5 Rg7 33. Kf2 Rb8 34. Rxa7
Rxb3 35. Ra8+ Kh7 36. Rf7 Be3+ 37. Ke2 Rb2+ 38. Kd1 Rd2+ 39. Ke1 Rh2 40. Ra7 g4
41. Rxg7+ Kxg7 42. fxg4 Kf6 43. Nd7+ Kxe6 44. Nxc5+ Kf7 45. gxh5 f3 46. Ne4
Rh1# 0-1

[Event "19. Obert Int. Sant Marti 2017 - B"]
[Site "Barcelona ESP"]
[Date "2017.07.14"]
[Round "2.26"]
[White "Perez Garcia, Francisco Jose"]
[Black "Torres Julian, Marc"]
[Result "1-0"]
[WhiteElo "1814"]
[BlackElo "1723"]
[PlyCount "99"]
[EventDate "2017.07.13"]
[EventType "swiss"]
[EventRounds "9"]
[EventCountry "ESP"]
[SourceTitle "Ajedrez en Madrid"]
[Source "lmi"]
[SourceDate "2017.07.13"]
[SourceVersion "1"]
[SourceVersionDate "2019.06.21"]
[SourceQuality "1"]

1. c4 e5 2. e3 Nf6 3. Nc3 Nc6 4. a3 a5 5. Nf3 Be7 6. Be2 O-O 7. O-O d5 8. cxd5
Nxd5 9. Qc2 Bg4 10. Ng5 Bxg5 11. Bxg4 Nce7 12. Ne4 Ng6 13. Nxg5 Qxg5 14. Bf3 c6
15. g3 Qe7 16. b3 Rad8 17. Bb2 Nf6 18. d4 e4 19. Bg2 Rfe8 20. Qc3 Qc7 21. Rac1
Nd5 22. Qc5 h5 23. b4 axb4 24. axb4 Qb6 25. Qxb6 Nxb6 26. Rc5 Na4 27. Rc2 Nxb2
28. Rxb2 f5 29. b5 Rd5 30. bxc6 bxc6 31. Rc1 Rc8 32. Rb7 Nf8 33. Ra1 Rd7 34.
Rb4 c5 35. Rc4 Rdc7 36. Rac1 Ne6 37. d5 Ng5 38. h4 Nf7 39. f3 Ne5 40. d6 Nxc4
41. dxc7 Nxe3 42. Rxc5 Nxg2 43. Kxg2 exf3+ 44. Kxf3 g6 45. Kf4 Kf7 46. Kg5 Kg7
47. Rc3 Kf7 48. Rc6 Kg7 49. Rxg6+ Kh7 50. Rc6 1-0

[Event "19. Obert Int. Sant Marti 2017 - B"]
[Site "Barcelona ESP"]
[Date "2017.07.14"]
[Round "2.27"]
[White "Alcala Gonzalez, Cesar"]
[Black "Cespedes, Sandra"]
[Result "1-0"]
[WhiteElo "1557"]
[BlackElo "1814"]
[PlyCount "69"]
[EventDate "2017.07.13"]
[EventType "swiss"]
[EventRounds "9"]
[EventCountry "ESP"]
[SourceTitle "Ajedrez en Madrid"]
[Source "lmi"]
[SourceDate "2017.07.13"]
[SourceVersion "1"]
[SourceVersionDate "2019.06.21"]
[SourceQuality "1"]

1. d4 d5 2. c4 Nf6 3. Nc3 e6 4. Bg5 Be7 5. Nf3 Nbd7 6. cxd5 Nxd5 7. Nxd5 exd5
8. Bxe7 Qxe7 9. Rc1 c6 10. e3 Nf6 11. Bd3 Bg4 12. O-O Ne4 13. Be2 Rd8 14. Ne5
Bxe2 15. Qxe2 Rd6 16. b4 O-O 17. b5 f6 18. Nf3 Qd7 19. bxc6 Rxc6 20. Rxc6 Qxc6
21. Ne1 Rc8 22. Nd3 Qa4 23. Qg4 Qe8 24. Nf4 Nc3 25. Nh5 Qf8 26. Nxf6+ Kh8 27.
Nd7 Qe8 28. Nc5 b6 29. Ne6 Qd7 30. f4 Nxa2 31. f5 Rc6 32. f6 gxf6 33. Rxf6 Rc8
34. Qf5 Rg8 35. Rf7 1-0

[Event "19. Obert Int. Sant Marti 2017 - B"]
[Site "Barcelona ESP"]
[Date "2017.07.14"]
[Round "2.28"]
[White "Bieg Pagel, Clemens"]
[Black "Nilesh, Jindal"]
[Result "1/2-1/2"]
[WhiteElo "1812"]
[BlackElo "1722"]
[PlyCount "48"]
[EventDate "2017.07.13"]
[EventType "swiss"]
[EventRounds "9"]
[EventCountry "ESP"]
[SourceTitle "Ajedrez en Madrid"]
[Source "lmi"]
[SourceDate "2017.07.13"]
[SourceVersion "1"]
[SourceVersionDate "2019.06.21"]
[SourceQuality "1"]

1. e4 e6 2. d4 d5 3. Nc3 dxe4 4. Nxe4 Bd7 5. Nf3 Bc6 6. Bd3 Nd7 7. O-O Ngf6 8.
Ng3 Be7 9. c3 O-O 10. Re1 b5 11. Qe2 a6 12. Ne5 Bd5 13. b3 c5 14. Bb2 cxd4 15.
cxd4 Qb6 16. Nxd7 Nxd7 17. Be4 Nf6 18. Bd3 Qb7 19. f3 Rac8 20. Rec1 Qb6 21. Kh1
Bb7 22. Nf5 Bd8 23. Rxc8 Bxc8 24. Ne3 Bc7 1/2-1/2

[Event "19. Obert Int. Sant Marti 2017 - B"]
[Site "Barcelona ESP"]
[Date "2017.07.14"]
[Round "2.29"]
[White "Pascual Duran, Pau"]
[Black "Gomez Parla, Josep"]
[Result "0-1"]
[WhiteElo "1491"]
[BlackElo "1808"]
[PlyCount "70"]
[EventDate "2017.07.13"]
[EventType "swiss"]
[EventRounds "9"]
[EventCountry "ESP"]
[SourceTitle "Ajedrez en Madrid"]
[Source "lmi"]
[SourceDate "2017.07.13"]
[SourceVersion "1"]
[SourceVersionDate "2019.06.21"]
[SourceQuality "1"]

1. d4 Nf6 2. Nf3 g6 3. c4 c5 4. d5 b5 5. b3 Bg7 6. Bb2 O-O 7. Nbd2 d6 8. e4
bxc4 9. bxc4 Qa5 10. Bd3 Nbd7 11. O-O Rb8 12. Qc2 Ba6 13. Bc3 Qc7 14. Nb3 Nb6
15. Na5 Bb7 16. Rab1 Ng4 17. Bxg7 Kxg7 18. h3 Nf6 19. Nh4 Nbd7 20. Nb3 Ne5 21.
f4 Nxd3 22. Qxd3 e6 23. Rbe1 exd5 24. exd5 Rfe8 25. f5 Rxe1 26. Rxe1 Re8 27.
Rf1 Qe7 28. Qf3 Qe3+ 29. Qf2 Qxf2+ 30. Rxf2 Re4 31. Na5 Ba6 32. Nf3 Bxc4 33.
Ng5 Re1+ 34. Kh2 Bxd5 35. fxg6 hxg6 0-1

[Event "19. Obert Int. Sant Marti 2017 - B"]
[Site "Barcelona ESP"]
[Date "2017.07.14"]
[Round "2.30"]
[White "Robaina Bordon, Hector"]
[Black "Llombart Baiges, Jaime"]
[Result "1/2-1/2"]
[WhiteElo "1805"]
[BlackElo "1622"]
[PlyCount "113"]
[EventDate "2017.07.13"]
[EventType "swiss"]
[EventRounds "9"]
[EventCountry "ESP"]
[SourceTitle "Ajedrez en Madrid"]
[Source "lmi"]
[SourceDate "2017.07.13"]
[SourceVersion "1"]
[SourceVersionDate "2019.06.21"]
[SourceQuality "1"]

1. d4 d5 2. Nf3 Bf5 3. Bf4 e6 4. e3 Nf6 5. h3 Bd6 6. Ne5 Nbd7 7. Bd3 Bg6 8.
Bxg6 hxg6 9. Nd2 Nh5 10. Bh2 Nhf6 11. c3 Nb6 12. a4 Nfd7 13. a5 Nc8 14. a6 bxa6
15. Ndf3 Ncb6 16. Rxa6 Bxe5 17. Bxe5 Nxe5 18. Nxe5 Qg5 19. Qf3 O-O 20. O-O f6
21. Nc6 Nc4 22. Qe2 Rf7 23. Rfa1 f5 24. b3 Nd6 25. Ne5 Rff8 26. Rxa7 Rac8 27.
Nd7 Rf7 28. Nc5 Qf6 29. Ra8 Rxa8 30. Rxa8+ Kh7 31. g3 e5 32. dxe5 Qxe5 33. Qd3
c6 34. Qd4 Qe7 35. Ra6 g5 36. Nd3 Nb5 37. Qe5 Qb7 38. Nc5 Qc8 39. c4 f4 40. Qe6
Qf8 41. Nd7 Rxd7 42. Qxd7 fxe3 43. fxe3 Qf3 44. cxb5 Qxe3+ 45. Kf1 Qf3+ 46. Ke1
Qe3+ 47. Kd1 Qd3+ 48. Kc1 Qc3+ 49. Kb1 Qxb3+ 50. Ka1 Qc3+ 51. Ka2 Qc2+ 52. Ka3
Qc3+ 53. Ka4 Qc4+ 54. Ka3 Qc3+ 55. Ka4 Qc4+ 56. Ka3 Qc3+ 57. Ka4 1/2-1/2

[Event "19. Obert Int. Sant Marti 2017 - B"]
[Site "Barcelona ESP"]
[Date "2017.07.14"]
[Round "2.31"]
[White "Aarav, Dengla"]
[Black "Martinez Buendia, Andres"]
[Result "1-0"]
[WhiteElo "1177"]
[BlackElo "1804"]
[PlyCount "45"]
[EventDate "2017.07.13"]
[EventType "swiss"]
[EventRounds "9"]
[EventCountry "ESP"]
[SourceTitle "Ajedrez en Madrid"]
[Source "lmi"]
[SourceDate "2017.07.13"]
[SourceVersion "1"]
[SourceVersionDate "2019.06.21"]
[SourceQuality "1"]

1. e4 c5 2. Nc3 d6 3. f4 e6 4. Nf3 Nf6 5. Bb5+ Bd7 6. Bxd7+ Nbxd7 7. d3 Be7 8.
O-O O-O 9. Qe1 Rc8 10. Qg3 d5 11. e5 Ne8 12. f5 exf5 13. Nxd5 Nb6 14. Nxe7+
Qxe7 15. Nh4 Nd7 16. Nxf5 Qe6 17. Bh6 g6 18. Bxf8 Kxf8 19. Nh6 f5 20. exf6
Nexf6 21. Ng4 Kg7 22. Nxf6 Nxf6 23. Rae1 1-0

[Event "19. Obert Int. Sant Marti 2017 - B"]
[Site "Barcelona ESP"]
[Date "2017.07.14"]
[Round "2.32"]
[White "Corominas Garrido, Antonio"]
[Black "Gibert Juan, Ramon"]
[Result "1/2-1/2"]
[WhiteElo "1803"]
[BlackElo "1580"]
[PlyCount "80"]
[EventDate "2017.07.13"]
[EventType "swiss"]
[EventRounds "9"]
[EventCountry "ESP"]
[SourceTitle "Ajedrez en Madrid"]
[Source "lmi"]
[SourceDate "2017.07.13"]
[SourceVersion "1"]
[SourceVersionDate "2019.06.21"]
[SourceQuality "1"]

1. c4 Nf6 2. Nc3 e6 3. g3 Bc5 4. Bg2 O-O 5. d4 Bb4 6. Nf3 d5 7. Qb3 c5 8. Bg5
Nbd7 9. cxd5 exd5 10. O-O Bxc3 11. bxc3 c4 12. Qb2 h6 13. Bc1 Nb6 14. Nd2 Re8
15. Re1 Bf5 16. f3 Qd7 17. e4 Bh3 18. Bh1 dxe4 19. Nxe4 Nfd5 20. Bd2 Na4 21.
Qa3 Re6 22. Nc5 Nxc5 23. Qxc5 b5 24. f4 Rd6 25. Re5 Rc8 26. Qa3 f6 27. Ree1 a6
28. Qc1 Re8 29. Rxe8+ Qxe8 30. Qe1 Qxe1+ 31. Rxe1 Kf8 32. a3 Nb6 33. Kf2 Bg4
34. Bg2 Be6 35. h3 f5 36. Bf3 Bd5 37. Re5 g6 38. g4 Bxf3 39. Kxf3 Nd7 40. Re1
Kf7 1/2-1/2

[Event "19. Obert Int. Sant Marti 2017 - B"]
[Site "Barcelona ESP"]
[Date "2017.07.14"]
[Round "2.34"]
[White "Carrey Abellan, Enric"]
[Black "Serentill Tost, Eduard"]
[Result "1/2-1/2"]
[WhiteElo "1931"]
[BlackElo "1639"]
[PlyCount "76"]
[EventDate "2017.07.13"]
[EventType "swiss"]
[EventRounds "9"]
[EventCountry "ESP"]
[SourceTitle "Ajedrez en Madrid"]
[Source "lmi"]
[SourceDate "2017.07.13"]
[SourceVersion "1"]
[SourceVersionDate "2019.06.21"]
[SourceQuality "1"]

1. d4 Nf6 2. c4 g6 3. Nc3 Bg7 4. e4 d6 5. Be2 O-O 6. Nf3 Nbd7 7. O-O e5 8. d5
Nc5 9. Qc2 a5 10. Bg5 h6 11. Bh4 g5 12. Bg3 Nh5 13. Nd2 Nxg3 14. hxg3 f5 15.
Bd3 Nxd3 16. Qxd3 f4 17. a3 Bd7 18. Ne2 Qf6 19. b4 axb4 20. axb4 g4 21. Rxa8
Rxa8 22. f3 Qg5 23. gxf4 exf4 24. fxg4 Be5 25. Nf3 Qxg4 26. c5 h5 27. Ned4 h4
28. c6 h3 29. Qc2 bxc6 30. Nxc6 Bxc6 31. dxc6 Qxg2+ 32. Qxg2+ hxg2 33. Kxg2 Rb8
34. Rb1 Rb5 35. Rb3 Kf7 36. Kh3 Ke6 37. Kg4 d5 38. Ng5+ Kf6 1/2-1/2

[Event "19. Obert Int. Sant Marti 2017 - B"]
[Site "Barcelona ESP"]
[Date "2017.07.14"]
[Round "2.35"]
[White "Bes Alvarez, Alex"]
[Black "Walter Travella, German"]
[Result "1-0"]
[WhiteElo "1620"]
[BlackElo "1892"]
[PlyCount "97"]
[EventDate "2017.07.13"]
[EventType "swiss"]
[EventRounds "9"]
[EventCountry "ESP"]
[SourceTitle "Ajedrez en Madrid"]
[Source "lmi"]
[SourceDate "2017.07.13"]
[SourceVersion "1"]
[SourceVersionDate "2019.06.21"]
[SourceQuality "1"]

1. d4 d5 2. Nf3 Nf6 3. g3 c5 4. dxc5 e6 5. Bg2 Bxc5 6. O-O Nc6 7. c4 O-O 8. Bg5
h6 9. Bxf6 Qxf6 10. cxd5 Qxb2 11. Nbd2 exd5 12. Nb3 Bb6 13. e3 Be6 14. Qd3 Nb4
15. Qd2 Qa3 16. Nfd4 Bd7 17. Ne2 Bb5 18. Rfd1 Rfe8 19. Nc3 Bc4 20. Bxd5 Nxd5
21. Nxd5 Rad8 22. Qb4 Qxb4 23. Nxb4 a5 24. Nc2 Bd3 25. Nbd4 Be4 26. Kf1 Rc8 27.
Na3 Bxd4 28. Rxd4 Rc3 29. Ra4 b6 30. Ke1 g5 31. Nb5 Rd3 32. Rc1 Bf3 33. Rd4 Rd8
34. Rxd8+ Rxd8 35. Nd4 Bd5 36. a3 g4 37. Rb1 Rb8 38. Kd2 Kf8 39. Kd3 h5 40. Rb5
Bb7 41. Rxh5 Ba6+ 42. Kd2 Rd8 43. Rh6 Kg7 44. Rxb6 Bc8 45. Rb5 Rh8 46. Rxa5
Rxh2 47. Ke2 Kg6 48. Ra8 Bb7 49. Rg8+ 1-0